El jugador implicado : videojuegos y narraciones /

Análisis de los videojuegos que cuentan con un componente narrativo predominante. Se estudia cómo incorporan la narrativa a los elementos lúdicos de los juegos y el impacto que tienen en las acciones de los jugadores.

Guardado en:
Detalles Bibliográficos
Autor principal: Anyó Sayol, Lluís (autor)
Formato: Libro
Idioma:Español
Publicado: Barcelona, España : Laertes, 2016, c2016
Colección:(Kaplan ; 47)
Temas:
Acceso en línea:Ver documento en línea
Etiquetas: Agrega una etiqueta
Sin etiquetas, Sé el primero en etiquetar este registro!

MARC

LEADER 00000nam^a2200000^a^4500
001 000576703
005 20251023000000.0
009 20260310132433.809
022 |a 9788416783861 
037 |a Acervo ITESO - Biblioteca 
041 |a ESP 
082 |a 302. 23722  |b ANY 
100 |a Anyó Sayol, Lluís  |e (autor) 
245 1 3 |a El jugador implicado :  |b videojuegos y narraciones /  |c L. Anyó Sayol. 
264 4 |a Barcelona, España :  |b Laertes,  |c 2016, c2016 
264 2 |a Cartagena, España :  |b Odilo [distribución],  |c 2023 
300 |a 1 libro electrónico en línea (237 p.) 
300 |a 1 recurso en línea 
336 |a datos para computadora  |b cod  |2 rdacontenido 
337 |a computadora  |b c  |2 rdamedio 
338 |a recurso en línea  |b cr  |2 rdasoporte 
440 1 |a (Kaplan ;  |v 47) 
506 1 |a 1 licencia 
520 |a Análisis de los videojuegos que cuentan con un componente narrativo predominante. Se estudia cómo incorporan la narrativa a los elementos lúdicos de los juegos y el impacto que tienen en las acciones de los jugadores. 
521 |a Odilo 2023 EEnlace Departamento de Estudios Socioculturales 
649 |a XX 
650 |a Videojugadores 
650 |a Videojuegos -  |x Diseño y Construcción 
650 |a Videojuegos -  |x Aspectos Sociales y Culturales -  |x Tema Principal 
650 |a Tecnologías de Comunicación e Información -  |x Aspectos Sociales y Culturales 
650 |a Guiones 
650 |a Narrativa -  |x Tema Principal 
650 |a Interactividad 
650 |a Interacción Hombre-Máquina 
650 |a Interacción Comunicativa 
650 |a Proceso de Comunicación 
650 |a Literatura y Comunicación 
650 |a Comunicación 
856 4 0 |u https://iteso-odilotk-es.ezproxy.iteso.mx/info/03489007  |y Ver documento en línea 
910 |a Fondo General 
920 |a Electrónicos - Libros en Línea 
930 |a Plataforma Digital 
905 |a 205 
901 |a 576703-1  |b IT2  |c EBO  |i C  |u 20250521 
902 |a https://opac.biblio.iteso.mx/vufind/Record/000576703